|
|
|
|
| LEADER |
00000nam0a2200000 4500 |
| 001 |
188795 |
| 005 |
20231031175048.0 |
| 035 |
|
|
|a (RuTPU)RU\TPU\book\205061
|
| 090 |
|
|
|a 188795
|
| 100 |
|
|
|a 20101215d1961 k y0rusy50 ca
|
| 101 |
0 |
|
|a rus
|
| 102 |
|
|
|a RU
|
| 105 |
|
|
|a a z 100zy
|
| 200 |
1 |
|
|a Решение научно-технического совещания по вопросу выявления возможности повышения напряжения электропередач за счет снижения уровней изоляции (30 июня - 3 июля 1961 г., Свердловск)
|f Свердловское правление научно-технического общества энергетической промышленности
|
| 210 |
|
|
|a Свердловск
|d 1961
|
| 215 |
|
|
|a 8 с.
|c ил.
|
| 610 |
1 |
|
|a электропередачи
|
| 610 |
1 |
|
|a напряжение
|
| 610 |
1 |
|
|a повышение
|
| 610 |
1 |
|
|a снижение
|
| 610 |
1 |
|
|a внутренние перенапряжения
|
| 610 |
1 |
|
|a ограничение
|
| 610 |
1 |
|
|a изоляция
|
| 610 |
1 |
|
|a изоляционные конструкции
|
| 610 |
1 |
|
|a совещания
|
| 675 |
|
|
|a 621.315.1.022
|v 3
|
| 675 |
|
|
|a 621.315.6
|v 3
|
| 712 |
0 |
2 |
|a Научно-техническое общество энергетической промышленности (НТОЭП)
|b Свердловское правление
|2 stltpush
|3 (RuTPU)RU\TPU\col\17032
|
| 712 |
1 |
2 |
|a Решение научно-технического совещания по вопросу выявления возможности повышения напряжения электропередач за счет снижения уровней изоляции
|b научно-техническое совещание
|c решение
|e Свердловск
|f 1961
|
| 801 |
|
1 |
|a RU
|b 63413507
|c 20101215
|
| 801 |
|
2 |
|a RU
|b 63413507
|c 20150430
|g RCR
|
| 942 |
|
|
|c BK
|